Delhi muncipals digest : (Record no. 134296)

MARC details
000 -LEADER
fixed length control field 00906nam a22002297a 4500
005 - DATE AND TIME OF LATEST TRANSACTION
control field 20170124110224.0
010 ## - LIBRARY OF CONGRESS CONTROL NUMBER
LC control number A-459676
020 ## - INTERNATIONAL STANDARD BOOK NUMBER
Terms of availability 175.00
035 ## - SYSTEM CONTROL NUMBER
System control number A-459676
037 ## - SOURCE OF ACQUISITION
Source of stock number/acquisition Cen Lib/Ret
040 ## - CATALOGING SOURCE
Original cataloging agency DPL
Language of cataloging EN
082 ## - DEWEY DECIMAL CLASSIFICATION NUMBER
Classification number 345.456
Item number VER
100 ## - MAIN ENTRY--PERSONAL NAME
Personal name Verma, R. S.
9 (RLIN) 40359
245 ## - TITLE STATEMENT
Title Delhi muncipals digest :
Statement of responsibility, etc by R. S. Verma
Remainder of title containing cases under Delhi Municipal Corporation Act, 1957, Punjab Municipal Act, 1911, and Delhi Development Act, 1957, with extracts of these acts as amended in 1984 /
246 ## - VARYING FORM OF TITLE
Remainder of title
260 ## - PUBLICATION, DISTRIBUTION, ETC. (IMPRINT)
Name of publisher, distributor, etc Verma Publications
Date of publication, distribution, etc 1991
Place of publication, distribution, etc Delhi
270 ## - ADDRESS
City Delhi
Address Chamber N0.83, Tis Hazari Courts
Postal code 110054
300 ## - PHYSICAL DESCRIPTION
Extent lxxxiv,112p.
Dimensions 22cm(Hb)
650 ## - SUBJECT ADDED ENTRY--TOPICAL TERM
Topical term or geographic name as entry element Municipal corporations -- India -- Delhi (Union Territory) -- Digests
9 (RLIN) 40360
650 ## - SUBJECT ADDED ENTRY--TOPICAL TERM
Topical term or geographic name as entry element Municipal corporations -- India -- Punjab -- Digests
9 (RLIN) 40361
942 ## - ADDED ENTRY ELEMENTS (KOHA)
Source of classification or shelving scheme Dewey Decimal Classification
Koha item type English Books
Classification part 345.456
Call number suffix VER
Holdings
Withdrawn status Lost status Damaged status Not for loan Collection code Home library Current library Date acquired Source of acquisition Cost, normal purchase price Total Checkouts Full call number Barcode Date last seen Copy number Cost, replacement price Price effective from Koha item type
      Not For Loan Reference Central Library Central Library 29/07/2015 Cen Lib/Ret 175.00   345.456 VER A-459676 29/07/2015 1 175.00 29/07/2015 English Books

© Delhi Public Library
Hit Counter
free hit counter